000 01017nam a22002895i 4500
001 12230
003 ES-MaACL
005 20230906150252.0
007 t|
008 951013s1994 sp ||||0| spa j
020 _a84-87136-52-4
040 _aM-BN
_bspa
_cM-BN
080 _a581.9(234 Relumbrar)
100 1 _aHerrero Nieto, Alberto.
_963335
245 1 0 _aEstudio florístico de la Sierra del Relumbrar /
_cAlberto Herrero Nieto, Adrián Escudero Alcántara, Santiago Pajarón Sotomayor.
260 _aAlbacete :
_bInstituto de Estudios Albacetenses,
_c1994.
300 _a219 p :
_bil. col. y n ;
_c22 cm.
490 1 _aSerie I--Estudios ;
_v80
504 _aBibliografía: p. 203-218.
650 1 4 _aFlora-
_zRelumbrar (Sierra)
_912906
700 1 _aEscudero, Adrián.
_947675
700 1 _aPajarón Sotomayor, Santiago.
_988350
710 2 _aInstituto de Estudios Albacetenses.
_94884
830 0 _aSerie I--Estudios ;
_v80
_9179228
852 _aES-MaACL
_jL-19580
_bR.123825
999 _c12230
_d12230